First U.S. Cities To Have Women Mayors - Statistics

General Stats
  • This quiz has been taken 23 times
  • The average score is 25 of 50
Answer Stats
Who? When? Where? % Correct
Adlene Harrison 1976 Dallas
89%
Kathryn J. Whitmire 1982 Houston
84%
Jan Laverty Jones 1999 Las Vegas
84%
Bernice Pitts 1920 Portland
84%
Bertha Knight Landes 1926 Seattle
84%
Carole K. Strayhorn 1977 Austin
79%
Jane M. Byrne 1979 Chicago
79%
Margaret Hance 1976 Phoenix
79%
Maureen O'Connor 1986 San Diego
79%
Dianne Feinstein 1978 San Francisco
79%
Kay Barnes 1999 Kansas City
74%
Lila Cockrell 1975 San Antonio
74%
Sharon Pratt Kelly 1990 Washington D.C.
74%
Sue Myack 1987 Charlotte
68%
Dorothy N. Dolbey 1954 Cincinnati
68%
Sharon Sayles Belton 1994 Minneapolis
63%
Suzie Azar 1989 El Paso
58%
Patience Latting 1971 Oklahoma City
58%
Isabella Cannon 1977 Raleigh
58%
Deedee Corradini 1992 Salt Lake City
58%
Sandra W. Freedman 1987 Tampa
58%
Belle Cooledge 1948 Sacramento
53%
Janet Gray Hayes 1974 San Jose
53%
Mary Lou Makepeace 1995 Colorado Springs
47%
Ann Uccello 1967 Hartford
47%
Eileen Anderson 1981 Honolulu
47%
Susan J. M. Bauman 1997 Madison
47%
Eleanor P. Sheppard 1962 Richmond
47%
M. Susan Savage 1992 Tulsa
47%
Mary E.J. Webb 1956 Baton Rouge
42%
Susan Weiner 1991 Savannah
42%
Donna Owens 1984 Toledo
42%
Martha S. Wood 1989 Winston-Salem
42%
Pam Miller 1993 Lexington
37%
Sue Miller 1983 Salem
37%
Meyera E. Oberndorf 1988 Virginia Beach
37%
Connie Ames Peters 1975 Wichita
37%
Mary K. Shell 1981 Bakersfield
32%
Ruth Bascom 1993 Eugene
32%
Helen Boosalis 1975 Lincoln
32%
Joan Wagnon 1997 Topeka
26%
Betty Turner 1987 Corpus Christi
21%
Beth Finch 1975 Fayetteville
21%
Carolyn Allen 1993 Greensboro
21%
Hazel Beard 1990 Shreveport
21%
Norma O. Walker 1965 Aurora, Colorado
11%
Barbara Ackermann 1972 Cambridge
11%
Blanca Vela 1999 Brownsville
5%
Lorna Kesterson 1985 Henderson
5%
Edith P. Welty 1949 Yonkers
5%
No matching quizzes found
Score Distribution
Percent of People with Each Score
Percentile by Number Answered
Your Score History
You have not taken this quiz